Statistics for NFL Playoffs

Click here to take the quiz!

General Stats

  • This quiz has been taken 31 times
    (14 since last reset)
  • The average score is 7 of 12

Answer Stats

GameScore% Correct
Colts vs Bills27-24
90%
Bears vs Saints21-9
80%
Ravens vs Titans20-13
70%
Rams vs Seahawks30-20
70%
Buccaneers vs Packers31-26
70%
Ravens vs Bills17-3
60%
Buccaneers vs Saints30-20
60%
Rams vs Packers32-18
60%
Browns vs Steelers48-37
60%
Browns vs Chiefs22-17
50%
Buccaneers vs Washington31-23
50%
Bills vs Chiefs24-38
10%

Score Distribution

Percentile by Number Answered

Percent of People with Each Score

Your Score History

You have not taken this quiz since the last reset